1353 1497 1147 1958 1372 1661 1647 1074 1393 1489 1999 1034 1540 1194 1994 1908 1328 1569 1637 1884 1377 1383 1709 1283 1913 1065 1883 1816 1650 1796 1467 1991 1107 1272 1087 1753 1701 1488 1594 1511 1544 1418 1677 1850 1244 1972 1349 1508 1522 1200 1936 1073 1089 1045 1332 1189 1134 1302 1842 1138 1799 1798 1072 1604 1085 1203 1757 1658 1838 1529 1261 1046 1326 1206 1501 1253 1455 1447 1356 1121 1855 1464 1602 1458 1826 1611 1707 1482 1005 1200 1032 1807 1504 1014 1304 1303 1462 1771 1889 BCNSPRNW ULIB Ver.6.0+V

เปลี่ยนเป็นภาษาไทย

Change to English
 แสดงรายละเอียดบรรณานุกรม
  กลับหน้าหลัก

Brief Record : Get Marc (ISO 2709) : E-mail record : QR code < ปิดหน้าต่าง
LEADER : 00000nam 2200000uu 4500
001    13399115155
003     ULIB
008    120713s2554||||th 000 0 tha d
020    ^a9786167519029
060  4 ^aWI700^bบ149ล
100 0  ^aบรรจบ ชุณหสวัสดิกุล
245 00 ^aล้างพิษท่อน้ำดีและตับ/^cบรรจบ ชุณหสวัสดิกุล
250    ^aพิมพ์ครั้งที่ 1
260    ^aกรุงเทพฯ :^bรวมทรรศน์,^c2554
300    ^a 87 หน้า;^c19 ซม.
650  7 ^aล้างพิษ
650  7 ^aท่อน้ำดีและตับ^xล้างพิษ
945    ^p130^l0^i19146
995    ^a เกษร
999    ^aใช้งานได้ทุกระบบ
รายการนี้ยังไม่มีแท็ก
คุณยังไม่ได้ล็อกอิน คุณสามารถมีกิจกรรมร่วมกับเว็บไซต์ได้ แต่ต้องล็อกอินก่อน ::
  ล็อกอิน

รายการสื่อสารสนเทศ

ลำดับที่ ประเภท เลขเรียก/บาร์โค้ด สถานที่ สถานะ
1. วิทยาศาสตร์การแพทย์ และสุขภาพ
วิทยาศาสตร์การแพทย์ และสุขภาพ
สถานะ=หนังสือเก่า
WI700 บ149ล ฉ.1 
  Barcode: 19146
ห้องสมุดวิทยาเขตนครสวรรค์
►ส่วนจัดเก็บหนังสือเก่า นว.
บนชั้น
  ขอยืม

รายการใกล้เคียง
    ผู้แต่ง [บรรจบ ชุณหสวัสดิกุล]

    หัวเรื่อง [ล้างพิษ]

BibComment


ยังไม่เคยถูกคอมเมนท์

คอมเมนท์ทรัพยากรรายการนี้
  คอมเมนท์: ล้างพิษท่อน้ำดีแ..


 Copyright 2026. Bcnsprnw @Library